TV Moms Quiz Stats

 Plays Quiz Updated Jul 16, 2019

Score 0/32 Timer 07:00
2 Plays Today
show character % Correct
The Cosby ShowClaire Huxtable
66.7%
Married...with ChildrenPeggy Bundy
64.1%
Leave it to BeaverJune Cleaver
59.6%
BewitchedSamantha Stephens
56.4%
Happy DaysMarion Cunningham
54.6%
Home ImprovementJill Taylor
52.8%
The Dick Van Dyke ShowMary Tyler Moore
50%
That '70s ShowKitty Forman
47.9%
The Cosby ShowPhylicia Rashad
45.7%
Family TiesMeredith Baxter
42.3%
Grace Under FireGrace Kelly
41.8%
Family TiesElyse Keaton
41.5%
Married...with ChildrenKatey Sagal
40%
BewitchedElizabeth Montgomery
39.7%
The Dick Van Dyke ShowLaura Petrie
32.8%
Happy DaysMarion Ross
31.5%
show character % Correct
MediumPatricia Arquette
30.9%
One Day at a TimeAnn Romano
24.8%
Leave it to BeaverBarbara Billingsley
23.1%
Malcolm in the MiddleLois Wilkerson
22.9%
WeedsMary Louise Parker
22.1%
Grace Under FireBrett Butler
21.5%
Home ImprovementPatricia Richardson
21.3%
One Day at a TimeBonnie Franklin
19.7%
SmallvilleMartha Kent
19.2%
My Name Is EarlJaime Pressly
17.8%
That '70s ShowDebra Jo Rupp
15.4%
My Name Is EarlJoy Turner
14.7%
Malcolm in the MiddleJane Kaczmarek
12.9%
MediumAllison Dubois
11.1%
WeedsNancy Botwin
10.7%
SmallvilleAnnette O'Toole
6.1%

You're not logged in!

Compare scores with friends on all Sporcle quizzes.
OR
Log In

Sporcle TV

Today on Sporcle TV


Watch our educational content, quiz creation guides, and fun videos on Sporcle TV.

Show Comments

Extras

Top Quizzes Today


Score Distribution

Your Account Isn't Verified!

In order to create a playlist on Sporcle, you need to verify the email address you used during registration. Go to your Sporcle Settings to finish the process.

Report this User

Report this user for behavior that violates our Community Guidelines.

Details: